000 00346 a2200157 4500
001 69617
020 _a8572081194
040 _cAnchieta - Itaigara
100 _aWilliams, Sam
240 1 0 _aO príncipe desencantdo
_lpor
245 1 0 _aO príncipe desencantdo
300 _a78
362 0 _a1995
650 4 _aLiteratura infantil
942 _cBK
999 _c69617
_d69617